Recent Trends in German and European Constitutional Law German Reports Presented to the XVIIth International Congress on Comparative Law, Utrecht, 16 to 22 July 2006 /

-д хадгалсан:
Номзүйн дэлгэрэнгүй
Үндсэн зохиолч: Riedel, Eibe
Байгууллагын зохиогч: SpringerLink (Online service)
Бусад зохиолчид: Wolfrum, Rdiger
Формат: Цахим Цахим ном
Хэл сонгох:англи
Хэвлэсэн: Berlin, Heidelberg : Springer Berlin Heidelberg, 2006.
Цуврал:Beitrge zum auslndischen ffentlichen Recht und Vlkerrecht, 188
Нөхцлүүд:
Онлайн хандалт:http://dx.doi.org/10.1007/978-3-540-37720-7
Шошгууд: Шошго нэмэх
Шошго байхгүй, Энэхүү баримтыг шошголох эхний хүн болох!

MARC

LEADER 00000nam a22000005i 4500
001 0000053059
005 20171002052734.0
007 cr nn 008mamaa
008 100515s2006 gw | s |||| 0|eng d
020 |a 9783540377207  |9 978-3-540-37720-7 
024 7 |a 10.1007/978-3-540-37720-7  |2 doi 
035 |a 0000003145 
035 |a (DE-He213)978-3-540-37720-7 
072 7 |a LBB  |2 bicssc 
072 7 |a LAW051000  |2 bisacsh 
072 7 |a LAW075000  |2 bisacsh 
100 1 |a Riedel, Eibe. 
245 1 0 |a Recent Trends in German and European Constitutional Law  |h [electronic resource] :  |b German Reports Presented to the XVIIth International Congress on Comparative Law, Utrecht, 16 to 22 July 2006 /  |c edited by Eibe Riedel, Rdiger Wolfrum. 
260 |a Berlin, Heidelberg :  |b Springer Berlin Heidelberg,  |c 2006. 
300 |b digital. 
490 0 |a Beitrge zum auslndischen ffentlichen Recht und Vlkerrecht,  |x 0172-4770 ;  |v 188 
650 0 |a Law. 
650 0 |a Comparative law. 
650 0 |a Public law. 
650 1 4 |a Law. 
650 2 4 |a European Law/Public International Law. 
650 2 4 |a International & Foreign Law/Comparative Law. 
700 1 |a Wolfrum, Rdiger. 
710 2 |a SpringerLink (Online service) 
773 0 |t Springer eBooks 
776 0 8 |i Printed edition:  |z 9783540346678 
830 0 |a Beitrge zum auslndischen ffentlichen Recht und Vlkerrecht,  |x 0172-4770 ;  |v 188 
856 4 0 |u http://dx.doi.org/10.1007/978-3-540-37720-7 
908 |a 121203 
912 |a ZDB-2-SHU 
942 0 0 |c EB 
950 |a Humanities, Social Sciences and Law (Springer-11648) 
999 |c 46196  |d 46196